Rues les plus longues de Paris - Carte Quiz - Statistiques

Statistiques générales
  • Ce quiz a été pris 242 fois
  • Le résultat moyen est 13 sur 28
Réponses sur la Carte
Les réponses sont colorées sur une échelle allant du rouge au vert en fonction du pourcentage des utilisateurs qui les ont devinées à leur premier essai. Vous pouvez retrouver ces pourcentages ci-dessous.
 
Statistiques - réponses
Réponse % Correct
Rue de Rivoli
81%
Boulevard Saint-Germain
64%
Avenue Daumesnil
63%
Rue de Tolbiac
59%
Rue de Vaugirard
59%
Boulevard Raspail
56%
Rue d'Alésia
52%
Boulevard Haussmann
50%
Boulevard Voltaire
50%
Rue de Belleville
48%
Rue de Charenton
48%
Avenue de Versailles
47%
Boulevard Ney
44%
Rue des Pyrénées
43%
Boulevard Pereire
42%
Rue de Crimée
42%
Rue La Fayette
42%
Rue de Grenelle
41%
Rue de l'Université
41%
Rue de la Convention
40%
Boulevard Malesherbes
37%
Rue du Faubourg-Saint-Honoré
37%
Avenue Gambetta
33%
Rue de Courcelles
33%
Rue Lecourbe
32%
Boulevard Sérurier
30%
Rue Marcadet
28%
Rue Ordener
27%
Aucun quiz correspondant
Distribution des résultats
% des personnes avec chaque résultat
Percentile par nombre de réponses
Votre historique - résultats
Vous n’avez pas pris ce quiz